Chana: one decade of the Liberal State (Record no. 37062)
[ view plain ]
| 000 -LEADER | |
|---|---|
| fixed length control field | 00706nam a2200181 a 4500 |
| 008 - FIXED-LENGTH DATA ELEMENTS--GENERAL INFORMATION | |
| fixed length control field | 070730s2007 ||||||||||||||||| || u |
| 020 ## - INTERNATIONAL STANDARD BOOK NUMBER | |
| International Standard Book Number | 9781842778 |
| 020 ## - INTERNATIONAL STANDARD BOOK NUMBER | |
| International Standard Book Number | 296 |
| 050 ## - LIBRARY OF CONGRESS CALL NUMBER | |
| Classification number | CODESRIA(02) |
| 245 00 - TITLE STATEMENT | |
| Title | Chana: one decade of the Liberal State |
| Statement of responsibility, etc. | Edited by Kwame Boafo-Arthur |
| 260 ## - PUBLICATION, DISTRIBUTION, ETC. | |
| Place of publication, distribution, etc. | London |
| Name of publisher, distributor, etc. | Zed Books |
| Date of publication, distribution, etc. | 2007 |
| 300 ## - PHYSICAL DESCRIPTION | |
| Extent | xi, 303p.:ill. |
| 350 ## - PRICE (NR) (BK AM CF MU VM SE) [OBSOLETE] | |
| Price | 0.00 |
| 490 ## - SERIES STATEMENT | |
| Series statement | CODESRIA Book series |
| 650 #0 - SUBJECT ADDED ENTRY--TOPICAL TERM | |
| Topical term or geographic name entry element | AFRICA--ECONOMIC CONDITIONS |
| 650 ## - SUBJECT ADDED ENTRY--TOPICAL TERM | |
| Topical term or geographic name entry element | NATIONAL SECURITY--CHINA: DEMOCRACY--CHINA: HUMAN RIGHTS--CHINA |
| 995 ## - RECOMMENDATION 995 [LOCAL, UNIMARC FRANCE] | |
| -- | 0.00 |
| -- | CBU-MAIN LIBRARY (Kitwe) |
| -- | 1 |
| -- | 0.00 |
| -- | 1 |
| -- | AVAILABLE |
| -- | Jul 30, 2007 |
| -- | International Publications |
| Withdrawn status | Lost status | Source of classification or shelving scheme | Damaged status | Not for loan | Home library | Current library | Shelving location | Date acquired | Total Checkouts | Full call number | Barcode | Date last seen | Price effective from | Koha item type |
|---|---|---|---|---|---|---|---|---|---|---|---|---|---|---|
| CBU-MAIN LIBRARY, KITWE. | CBU-MAIN LIBRARY, KITWE. | 11/30/2022 | CODESRIA(02) | Z03002240 | 11/30/2022 | 11/30/2022 | MONOGRAPH |